| 000 | 01496nam a2200217Ia 4500 | ||
|---|---|---|---|
| 003 | Ost | ||
| 005 | 20260507075055.0 | ||
| 008 | 260507s9999||||xx |||||||||||||| ||und|| | ||
| 020 | _a6915919977 | ||
| 040 | _cfsecg | ||
| 041 | _aara | ||
| 082 | _a330 | ||
| 100 |
_aالخضيري، محسن أحمد _eمؤلف |
||
| 245 | 0 |
_aصناعة المزايا التنافسية : _bمنهج تحقيق التقدم من خلال الخروج إلى آفاق التنمية المستدامة بالتطبيق على الواقع الاقتصادي المعاصر / _c محسن أحمد الخضيري |
|
| 260 |
_aالقاهرة: _bمجموعة النيل العربية, _c2004 |
||
| 300 |
_a263 صفحة؛ _bإيضاحات ؛ _c24 سم |
||
| 520 | _aفلسفة صناعة المزايا التنافسية،إدارة مجتمع صناعة المزايا التنافسية،ماهية اقتصاد صناعة المزايا التنافسية،كيف يتم صنع المزايا التنافسية،التفوق بصناعة المزايا التنافسية،التحضير والإعداد لصناعة المزايا التنافسية،الارتقاء والتحديث لصناعة المزايا التنافسية،واقع صناعة المزايا التنافسية،صناعة المزايا التنافسية في الصناعة المصرفية والبنكية | ||
| 653 | _aالتنمية المستدامة | ||
| 653 | _aالمزايا التنافسية | ||
| 942 | _cكتاب | ||
| 999 |
_c42729 _d42729 |
||